MARC details
| 000 -LÍDER |
| campo de controle de tamanho fixo |
01128nam a22003737a 4500 |
| 001 - NÚMERO DE CONTROLE |
| campo de controle |
BR0203755 |
| 003 - IDENTIFICADOR DO NÚMERO DE CONTROLE |
| campo de controle |
BR-BrBNA |
| 005 - DATA E HORÁRIO DA ÚLTIMA TRANSAÇÃO |
| campo de controle |
20230928101123.0 |
| 007 - CAMPO FIXO DE DESCRIÇÃO FÍSICA--INFORMAÇÃO GERAL |
| campo de controle de tamanho fixo |
ta |
| 008 - CAMPO DE DADOS FIXOS--INFORMAÇÃO GERAL |
| campo de controle de tamanho fixo |
230509b bl.||||| |||| 00| 0 por d |
| 040 ## - FONTE DA CATALOGAÇÃO |
| Instituição da catalogação original |
BR-BrBNA |
| Idioma da catalogação |
por |
| Instituição que transcreveu o registro |
Biblioteca Nacional de Agricultura |
| 041 ## - CÓDIGO DE IDIOMA |
| Código do idioma do texto/trilha sonora ou título diferente |
(Por) |
| 072 ## - CÓDIGO DE CATEGORIA DE ASSUNTO |
| Código de Categoria de Assunto |
E16; F30; E21 |
| Código do objeto |
1126 |
| -- |
3530 |
| 090 ## - NÚMERO DE CHAMADA LOCAL |
| -- |
1126 BR0203755 |
| 100 1# - ENTRADA PRINCIPAL--NOME PESSOAL |
| Nome pessoal |
Barreiro Neto, M. |
| 100 1# - ENTRADA PRINCIPAL--NOME PESSOAL |
| Nome pessoal |
Santos, E.S. dos |
| 110 1# - ENTRADA PRINCIPAL--NOME CORPORATIVO |
| Nome corporativo ou nome da jurisdição |
Empresa Estadual de Pesquisa Agropecuária da Paraíba S.A., João Pessoa (Brasil) |
| 245 1# - TÍTULO |
| Título |
Abacaxi: da agricultura familiar ao agronegócio |
| 260 3# - PUBLICAÇÃO, DISTRIBUIÇÃO, ETC. |
| Local de publicação, distribuição, etc. |
João Pessoa, PB (Brasil): |
| Data da publicação, distribuição, etc. |
2002. |
| 300 ## - DESCRIÇÃO FÍSICA |
| Extensão |
98 p. |
| 500 ## - NOTA GERAL |
| Nota geral |
Summaries (Eng, Por); Several bibliography; 26 tables; 11 illus. |
| 650 ## - ASSUNTO--TERMO TÓPICO |
| Cabeçalho tópico ou nome geográfico |
ABACAXI |
| 650 ## - ASSUNTO--TERMO TÓPICO |
| Cabeçalho tópico ou nome geográfico |
MUDA |
| 650 ## - ASSUNTO--TERMO TÓPICO |
| Cabeçalho tópico ou nome geográfico |
CUSTO DE PRODUÇÃO |
| 650 ## - ASSUNTO--TERMO TÓPICO |
| Cabeçalho tópico ou nome geográfico |
COMPETIÇÃO DE VARIEDADE |
| 650 ## - ASSUNTO--TERMO TÓPICO |
| Cabeçalho tópico ou nome geográfico |
AGRICULTURA FAMILIAR |
| 650 ## - ASSUNTO--TERMO TÓPICO |
| Cabeçalho tópico ou nome geográfico |
AGRIBUSINESS |
| 650 ## - ASSUNTO--TERMO TÓPICO |
| Cabeçalho tópico ou nome geográfico |
DESENVOLVIMENTO SÓCIO-ECONÔMICO |
| 650 ## - ASSUNTO--TERMO TÓPICO |
| Cabeçalho tópico ou nome geográfico |
HÍBRIDO |
| 650 ## - ASSUNTO--TERMO TÓPICO |
| Cabeçalho tópico ou nome geográfico |
VARIEDADE RESISTENTE |
| 650 ## - ASSUNTO--TERMO TÓPICO |
| Cabeçalho tópico ou nome geográfico |
PARAÍBA |
| 909 ## - |
| -- |
202309 |
| -- |
Lucia |
| -- |
55 |
| -- |
Lucia Elande |
| 942 ## - ELEMENTOS DE ENTRADA ADICIONADOS (KOHA) |
| Tipo de material Koha |
Livros |